[Event "IECG WC.2008.P.00007 email"]
[Site "IECG email"]
[Date "2004.03.05"]
[Round "?"]
[White "Jovanovic, Nevenka"]
[Black "Tavani, Alberto"]
[Result "0-1"]
[WhiteElo "2134"]
[BlackElo "1892"]
[PlyCount "24"]
[EventDate "2004.03.05"]
[EventType "tourn (corr)"]
[EventRounds "6"]
[SourceTitle "Corr 2024"]
[Source "ChessBase"]
[SourceDate "2023.10.19"]
[SourceVersion "1"]
[SourceVersionDate "2023.10.19"]
[SourceQuality "1"]

1. e4 e5 2. Nf3 Nc6 3. Bb5 a6 4. Ba4 Nf6 5. 0-0 Be7 6. Re1 b5 7. Bb3 d6 8. c3 0-0 9. h3 Na5 10. Bc2 c5 11. d4 Qc7 12. Nbd2 cxd4 0-1

[Event "IECG WC.2006.P.00011 email"]
[Site "IECG email"]
[Date "2003.01.22"]
[Round "?"]
[White "Jovanovic, Nevenka"]
[Black "Malmstroem, Jan"]
[Result "1-0"]
[WhiteElo "2089"]
[BlackElo "1923"]
[PlyCount "83"]
[EventDate "2003.01.22"]
[EventType "tourn (corr)"]
[EventRounds "10"]
[SourceTitle "Corr 2008"]
[Source "ChessBase"]
[SourceDate "2008.06.24"]
[SourceVersion "1"]
[SourceVersionDate "2008.06.24"]
[SourceQuality "1"]

1. e4 e5 2. Nf3 Nc6 3. Bb5 a6 4. Ba4 Nf6 5. 0-0 Be7 6. Re1 b5 7. Bb3 d6 8. c3 0-0 9. h3 Na5 10. Bc2 c5 11. d4 Qc7 12. Nbd2 Bd7 13. Nf1 cxd4 14. cxd4 Rac8 15. Ne3 Rfe8 16. b3 Nc6 17. Bb2 Qb7 18. Rc1 Bd8 19. a3 a5 20. Nd5 b4 21. dxe5 Nxe5 22. Nxe5 dxe5 23. axb4 axb4 24. Qd3 Bc6 25. Bb1 Bb5 26. Qd2 Rxc1 27. Rxc1 Nxd5 28. exd5 Bb6 29. d6 Bd7 30. Rc4 Qa7 31. Rxb4 f5 32. Rc4 Kh8 33. Rh4 Qb8 34. Qd5 Qa7 35. Qf3 Bd8 36. Rh5 g6 37. Qd5 Re6 38. Bxe5+ Kg8 39. Bxf5 gxf5 40. Rxf5 Bc8 41. Bc3 Qb6 42. d7 1-0

[Event "IECG WC.2006.P.00011 email"]
[Site "IECG email"]
[Date "2003.01.22"]
[Round "?"]
[White "Jovanovic, Nevenka"]
[Black "Pinasco, Damian"]
[Result "1/2-1/2"]
[WhiteElo "2089"]
[BlackElo "2044"]
[PlyCount "79"]
[EventDate "2003.01.22"]
[EventType "tourn (corr)"]
[EventRounds "10"]
[SourceTitle "Corr 2008"]
[Source "ChessBase"]
[SourceDate "2008.06.24"]
[SourceVersion "1"]
[SourceVersionDate "2008.06.24"]
[SourceQuality "1"]

1. e4 e5 2. Nf3 Nc6 3. Bb5 a6 4. Ba4 Nf6 5. 0-0 Be7 6. Re1 b5 7. Bb3 d6 8. c3 0-0 9. h3 h6 10. d4 Re8 11. Nbd2 Bf8 12. Nf1 Bb7 13. Ng3 Na5 14. Bc2 Nc4 15. b3 Nb6 16. a4 bxa4 17. bxa4 a5 18. Bd3 Qd7 19. d5 Ba6 20. Bxa6 Rxa6 21. Be3 Rb8 22. Qd3 Raa8 23. Bxb6 Rxb6 24. Nd2 c6 25. Nc4 Rbb8 26. Reb1 Qc7 27. dxc6 Rxb1+ 28. Rxb1 Qxc6 29. Rb5 Rc8 30. Nb6 Qxc3 31. Qxc3 Rxc3 32. Rxa5 Rc1+ 33. Kh2 h5 34. Nd5 Nxd5 35. exd5 g6 36. Ne4 f5 37. Ng5 Be7 38. Ra8+ Kg7 39. Ra7 Kf6 40. Nh7+ 1/2-1/2

[Event "IECG WC.2006.P.00011 email"]
[Site "IECG email"]
[Date "2003.01.22"]
[Round "?"]
[White "Prochazka, Dalibor"]
[Black "Jovanovic, Nevenka"]
[Result "0-1"]
[WhiteElo "2196"]
[BlackElo "2089"]
[PlyCount "72"]
[EventDate "2003.01.22"]
[EventType "tourn (corr)"]
[EventRounds "10"]
[SourceTitle "Corr 2008"]
[Source "ChessBase"]
[SourceDate "2008.06.24"]
[SourceVersion "1"]
[SourceVersionDate "2008.06.24"]
[SourceQuality "1"]

1. Nf3 f5 2. e4 fxe4 3. Ng5 d5 4. d3 Qd6 5. dxe4 h6 6. Qh5+ g6 7. Qh4 Nf6 8. exd5 Nxd5 9. Bc4 Bg7 10. Ne4 Qe5 11. 0-0 Nc6 12. Rd1 Be6 13. c3 0-0-0 14. f3 Ndb4 15. Rxd8+ Rxd8 16. Nbd2 Nc2 17. Rb1 Bxc4 18. Nxc4 Rd1+ 19. Kf2 Qd5 20. Qg4+ e6 21. Bxh6 Rxb1 22. Bxg7 Ne7 23. Ncd2 Rd1 24. Bh6 Ne1 25. Ke2 Ra1 26. Nf6 Qd3+ 27. Kf2 Qa6 28. g3 Nd3+ 29. Kg2 Qb6 30. Nfe4 Re1 31. f4 Qg1+ 32. Kh3 Nf2+ 33. Nxf2 Qxf2 34. Nf3 Re2 35. Bf8 Nf5 36. Qxg6 b6 0-1

[Event "IECG CP.1999.S.00004"]
[Site "IECG email"]
[Date "2001.10.01"]
[Round "?"]
[White "Jovanovic, Nevenka"]
[Black "Ribeiro, Vitor Manuel"]
[Result "0-1"]
[WhiteElo "2173"]
[BlackElo "1966"]
[PlyCount "78"]
[EventDate "2001.10.01"]
[EventType "tourn (corr)"]
[EventRounds "6"]
[SourceTitle "Corr 2008"]
[Source "ChessBase"]
[SourceDate "2008.06.24"]
[SourceVersion "1"]
[SourceVersionDate "2008.06.24"]
[SourceQuality "1"]

1. e4 c5 2. Nf3 d6 3. d4 cxd4 4. Nxd4 Nf6 5. Nc3 a6 6. Bg5 e6 7. f4 Be7 8. Qf3 Qc7 9. 0-0-0 Nbd7 10. Bd3 b5 11. Rhe1 Bb7 12. Qg3 b4 13. Nd5 exd5 14. e5 dxe5 15. fxe5 Nh5 16. e6 Nxg3 17. exf7+ Kxf7 18. Rxe7+ Kg8 19. hxg3 Qxg3 20. Ne6 Qe5 21. Rf1 Nf8 22. Bf5 g6 23. Nxf8 Qxe7 24. Bxe7 gxf5 25. Rxf5 Re8 26. Bxb4 Bc8 27. Rf4 h5 28. Ng6 Rh7 29. Rd4 Bf5 30. Nh4 Be4 31. Rd2 Rf7 32. Re2 Rf1+ 33. Kd2 Kf7 34. g3 Bh7 35. c3 Rxe2+ 36. Kxe2 Rb1 37. Ba3 Be4 38. Nf3 Bxf3+ 39. Kxf3 Kf6 0-1

[Event "IECG CP.1999.P.00070"]
[Site "IECG email"]
[Date "1999.10.01"]
[Round "?"]
[White "Jovanovic, Nevenka"]
[Black "Gomez, Kenneth"]
[Result "1-0"]
[WhiteElo "2180"]
[BlackElo "1300"]
[PlyCount "45"]
[EventDate "1999.10.01"]
[EventType "tourn (corr)"]
[EventRounds "6"]
[EventCountry "YUG"]
[SourceTitle "Corr 2008"]
[Source "ChessBase"]
[SourceDate "2008.06.24"]
[SourceVersion "1"]
[SourceVersionDate "2008.06.24"]
[SourceQuality "1"]

1. d4 d5 2. e3 Nc6 3. f4 Nf6 4. Nf3 e6 5. c3 Bd6 6. Bd3 0-0 7. 0-0 Ne7 8. Nbd2 Nf5 9. Qe2 c5 10. e4 dxe4 11. Nxe4 Nxe4 12. Qxe4 cxd4 13. g4 Re8 14. gxf5 exf5 15. Qxd4 Qc7 16. Qf2 Bc5 17. Nd4 b6 18. Be3 Bb7 19. Rfe1 Rad8 20. Bxf5 Bxd4 21. Bxd4 g6 22. Qh4 h5 23. Qf6 1-0

[Event "IECG CP.1999.P.00070"]
[Site "IECG email"]
[Date "1999.10.01"]
[Round "?"]
[White "Jovanovic, Nevenka"]
[Black "Vibranovski, Saul"]
[Result "1-0"]
[WhiteElo "2180"]
[BlackElo "1804"]
[PlyCount "85"]
[EventDate "1999.10.01"]
[EventType "tourn (corr)"]
[EventRounds "6"]
[EventCountry "YUG"]
[SourceTitle "Corr 2008"]
[Source "ChessBase"]
[SourceDate "2008.06.24"]
[SourceVersion "1"]
[SourceVersionDate "2008.06.24"]
[SourceQuality "1"]

1. d4 d5 2. e3 Nf6 3. Bd3 Nbd7 4. f4 e6 5. Nf3 Be7 6. 0-0 0-0 7. Nbd2 c5 8. c3 c4 9. Bc2 b5 10. e4 dxe4 11. Nxe4 Bb7 12. Nxf6+ Nxf6 13. Qe2 Bd5 14. Ne5 Re8 15. Bd2 Qc7 16. Rae1 Rab8 17. Qf2 b4 18. f5 bxc3 19. Bxc3 exf5 20. Bxf5 Bd6 21. Qh4 h6 22. Bb1 Nd7 23. Ng4 Rxe1 24. Rxe1 Nf8 25. Qh5 Ba8 26. Nxh6+ gxh6 27. Qg4+ Ng6 28. Bxg6 fxg6 29. Re6 Bxh2+ 30. Kh1 Qf7 31. Kxh2 g5 32. Rxh6 Qf4+ 33. Qxf4 gxf4 34. d5 Kf7 35. Rf6+ Ke7 36. d6+ Kd7 37. Rxf4 Bd5 38. Rf5 Kxd6 39. Be5+ Ke6 40. Bxb8 Kxf5 41. Bxa7 c3 42. bxc3 Bxa2 43. Kh3 1-0

[Event "IECG CP.1999.P.00070"]
[Site "IECG email"]
[Date "1999.10.01"]
[Round "?"]
[White "Seid, Edward"]
[Black "Jovanovic, Nevenka"]
[Result "0-1"]
[WhiteElo "1740"]
[BlackElo "2180"]
[PlyCount "64"]
[EventDate "1999.10.01"]
[EventType "tourn (corr)"]
[EventRounds "6"]
[EventCountry "YUG"]
[SourceTitle "Corr 2008"]
[Source "ChessBase"]
[SourceDate "2008.06.24"]
[SourceVersion "1"]
[SourceVersionDate "2008.06.24"]
[SourceQuality "1"]

1. e4 e6 2. d4 d5 3. e5 Qd7 4. Nf3 b6 5. Bd3 Bb4+ 6. Bd2 Bxd2+ 7. Qxd2 Ne7 8. 0-0 Ba6 9. c3 Bxd3 10. Qxd3 c5 11. Na3 Nbc6 12. Rfd1 0-0 13. Rac1 a6 14. Ng5 Ng6 15. h4 cxd4 16. cxd4 Nb4 17. Qb1 f5 18. exf6 gxf6 19. h5 Nf4 20. Nh3 Ne2+ 21. Kh1 Nxc1 22. Qxc1 Nxa2 23. Qf4 Nb4 24. h6 Kh8 25. g4 Rac8 26. g5 e5 27. Qh4 e4 28. Nf4 fxg5 29. Qxg5 Rf5 30. Qh4 Qf7 31. Rg1 Rxf4 32. Qg5 Nd3 0-1

[Event "IECC CL2-1999.30"]
[Site "IECC email"]
[Date "1999.09.14"]
[Round "?"]
[White "Jovanovic, Nevenka"]
[Black "Glew, David"]
[Result "1/2-1/2"]
[WhiteElo "2168"]
[BlackElo "1961"]
[PlyCount "94"]
[EventDate "1999.??.??"]
[EventType "tourn (corr)"]
[EventRounds "4"]
[SourceTitle "Corr 2008"]
[Source "ChessBase"]
[SourceDate "2008.06.24"]
[SourceVersion "1"]
[SourceVersionDate "2008.06.24"]
[SourceQuality "1"]

1. d4 Nf6 2. Nf3 g6 3. Bg5 Bg7 4. Nbd2 d5 5. e3 c5 6. c3 Qb6 7. Qb3 Nc6 8. Be2 Qxb3 9. axb3 Nd7 10. dxc5 Nxc5 11. b4 Nd7 12. 0-0 h6 13. Bh4 f5 14. b5 Nd8 15. Ra2 g5 16. Bg3 e5 17. h3 f4 18. Bh2 Nb6 19. exf4 gxf4 20. Re1 0-0 21. Rea1 Bd7 22. Rxa7 Rxa7 23. Rxa7 Nc8 24. Ra5 b6 25. Ra8 Ne6 26. Ra1 Nd6 27. c4 dxc4 28. Bxc4 Nxc4 29. Nxc4 e4 30. Nxb6 Bxb5 31. Ne1 Rd8 32. Ra8 Rxa8 33. Nxa8 Bd4 34. Nc2 Ba7 35. Nc7 Nxc7 36. Bxf4 Ba4 37. Na3 Nd5 38. Bxh6 Bd4 39. Nc4 Bb5 40. Nd6 Bd3 41. Bc1 Be5 42. Nf5 Kf7 43. Nh6+ Kg7 44. Ng4 Bd4 45. Ne3 Nxe3 46. Bxe3 Bxb2 47. f3 exf3 1/2-1/2

[Event "IECC CL2-1999.30"]
[Site "IECC email"]
[Date "1999.09.14"]
[Round "?"]
[White "Naeter, Burkhard"]
[Black "Jovanovic, Nevenka"]
[Result "0-1"]
[WhiteElo "2002"]
[BlackElo "2180"]
[PlyCount "66"]
[EventDate "1999.??.??"]
[EventType "tourn (corr)"]
[EventRounds "4"]
[SourceTitle "Corr 2008"]
[Source "ChessBase"]
[SourceDate "2008.06.24"]
[SourceVersion "1"]
[SourceVersionDate "2008.06.24"]
[SourceQuality "1"]

1. e4 e6 2. d4 d5 3. Nc3 Nf6 4. Bg5 dxe4 5. Nxe4 Be7 6. Bxf6 gxf6 7. Nf3 b6 8. Qe2 Bb7 9. 0-0-0 c6 10. Qe3 Nd7 11. g3 Qc7 12. Bg2 0-0-0 13. h4 h6 14. Ned2 f5 15. Nc4 c5 16. Na3 cxd4 17. Rxd4 a6 18. b4 b5 19. Rhd1 Nf6 20. Rxd8+ Rxd8 21. Rxd8+ Qxd8 22. Qc3+ Qc7 23. Qd4 Nd5 24. Qh8+ Bd8 25. Qf8 Nc3 26. Nb1 Nxa2+ 27. Kb2 Bd5 28. c3 Qa7 29. Qc5+ Qxc5 30. bxc5 Bf6 31. Ne1 Nxc3 32. Nxc3 Bxg2 33. Nxg2 b4 0-1